000
00326nam a22001457a 4500
008
230117b ||||| |||| 00| 0 eng d
020
_a
8840014504338
041
_a
eng
080
_2
SECOND EDITION
_a
159.9
082
_a
159.9
100
_a
25
101
_a
PSI
245
_a
SHAW'S PLAYS
_c
GEORGE BERNARD
942
_2
udc
_c
BK
999
_c
59234
_d
59234